02269cam a22004094i 4500003000900000005001700009008004100026035002000067040003300087082002600120100004200146245017200188264000900360300002100369336002100390337002500411338002300436502005800459504002400517520106200541526001001603526001001613526000901623526000901632526000901641526000901650526000901659526000901668526000901677526000801686526000801694526000801702526000801710526000801718650005901726610007401785PE-LiUPU20250731165423.0160114s2013 pe grm 000 0 spa d a(Sirsi) a155755 aPE-LiUPUbspacPE-LiUPUerda04a158.7226886732B16 T31 aBailón Miranda, Yanet Kelitaeautor1 aRelación entre el estrés laboral y la satisfacción del personal de la Institución Educativa Adventista José de San Martín /cYanet Kelita Bailón Miranda. 0c2013 a94 hojas c30 cm atext2rdacontent aunmediated2rdamedia avolume2rdacarrier aTesisb(Mg.) -- cUniversidad Peruana Unión,d2013. aIncluye referencias3 aEl objetivo de la presente investigación es determinar la relación entre el estrés laboral y la satisfacción laboral del personal en la Institución Educativa Adventista José de San Martín. El tipo de investigación es descriptivo y correlacional. Es correlacional porque aborda la relación entre las variables de estudio. Es descriptiva porque describe los niveles del estrés y la satisfacción laboral. Para obtener la confiabilidad del instrumento se ha utilizado la técnica de alfa de Crombach, logrando obtener un alfa de 0.95 de estrés laboral y un 0.96 de satisfacción laboral, por eso se deduce que los instrumentos son altamente confiables. La muestra fue conformada por treinta trabajadores en la Institución Educativa Adventista José de San Martín. Finalmente, según los resultados de la investigación, se concluye que el estrés laboral tiene una relación negativa de -0.440 y significativa (0.015) con el nivel de satisfacción del personal en la Institución Educativa Adventista José de San Martín. aSEG44 aSEG26 aP151 aP150 aP149 aP146 aP145 aP126 aP125 aP92 aP75 aP74 aP27 aP1504aEstrés laboralxSatisfacción en el trabajovTesis.2 aAdventistas del Séptimo DíaxSatisfacción en el trabajovTesis.